Leasing - forma financovania podniku bakalárska práca

Saved in:
Bibliographic Details
Main Author: Šuleková, Iveta
Corporate Author: Fakulta podnikového manažmentu EU. Katedra podnikovohospodárska
Other Authors: Bukovová, Sylvia, 1959-
Format: Book
Language:Slovak
Published: Bratislava 2010
Tags: Add Tag
No Tags, Be the first to tag this record!

MARC

LEADER 00000nbm a2200000 4500
001 0133482
005 20161109111530.6
041 0 |a slo 
044 |a SK 
245 1 0 |a Leasing - forma financovania podniku  |b bakalárska práca  |c Iveta Šuleková ; školiteľ: Sylvia Bukovová 
264 1 |a Bratislava  |c 2010 
300 |a 48 s. 
100 1 |a Šuleková, Iveta 
700 1 |a Bukovová, Sylvia, 1959- 
710 2 |a Fakulta podnikového manažmentu EU. Katedra podnikovohospodárska